Yellow-Themed Trivia Quiz Stats

Quiz Updated Aug 3, 2016

Also try: Blue-Themed Trivia
Challenge
Share
Tweet
Embed
Score 0/15 Timer 04:00
10 Plays Today
Question Answer % Correct
Which yellow, underwater sea character was introduced by Nickelodeon in 1999?SpongeBob SquarePants
97.3%
'Yellow Submarine' is a song by which British band?The Beatles
94.7%
Yellow, chick-shaped marshmallow Peeps are popular candies during which holiday?Easter
93.2%
Which Kansas native follows the Yellow Brick Road in 'The Wonderful Wizard of Oz'?Dorothy Gale
92.1%
Which former cyclist popularized yellow 'Livestrong' bracelets?Lance Armstrong
89.4%
A common 'Yellow Pages' logo features which body parts 'walking' through the pages?fingers
87.6%
Which yellow video game character navigates dark mazes and was introduced in 1980?Pac-Man
86%
Which country was ruled by Huangdi, who was nicknamed the 'Yellow Emperor'?China
85.3%
Question Answer % Correct
Someone who is 'yellow-bellied' lacks what trait?courage
80.8%
To symbolize his treachery, which apostle is often depicted wearing yellow?Judas Iscariot
78.7%
Which component of table salt can be used to create yellow fireworks?sodium
74.9%
Yellowstone National Park is primarily located in which US state?Wyoming
74.6%
Which PBS series features the Man with the Yellow Hat?Curious George
65.3%
A yellow VW Microbus is driven to a beauty pageant in which 2006 film?Little Miss Sunshine
61.4%
Which Texas city is also the Spanish word for 'yellow'?Amarillo
61.2%

You're not logged in!

Compare scores with friends on all Sporcle quizzes.
Sign Up with Email
OR
Log In

You Might Also Like...

Show Comments

Extras

Top Quizzes Today


Score Distribution

Your Account Isn't Verified!

In order to create a playlist on Sporcle, you need to verify the email address you used during registration. Go to your Sporcle Settings to finish the process.